00521nam a2200169Ia 4500008004100000082001500041100001100056245002600067260002200093300000800115630002600123700001000149730002600159942000900185999001900194952013800213100122s9999 xx 000 0 und d b36548a822 aLYNN J aYES MINISTER PART III bB.B.C BOOKSc1905 a175 aYES MINISTER PART III aJAY A aYES MINISTER PART III cBOOK c371486d371483 00104070aSVPPARLEbSVPPARLEd1984-03-24g48.00l0o36548pSVPPARLE-36548r2010-01-25 00:00:00v48.00w2010-01-25yBOOKz", , , NA"